Every New Zealand Bird by Picture - Statistics

General Stats
  • This quiz has been taken 9 times
  • The average score is 47 of 322
Answer Stats
Picture Hint Answer % Correct
endemic Kea
100%
introduced Australian Magpie
71%
introduced Black Swan
71%
introduced Indian Peafowl
71%
endemic Kakapo
71%
vagrant Emperor Penguin
57%
introduced Mallard
57%
introduced Common Blackbird
43%
introduced Common Myna
43%
introduced Common Starling
43%
vagrant Emu
43%
introduced European Goldfinch
43%
introduced House Sparrow
43%
vagrant King Penguin
43%
Morepork
43%
Silvereye
43%
endemic Tui
43%
endemic Weka
43%
introduced Wild Turkey
43%
Arctic Jaeger
29%
vagrant Australasian Darter
29%
Australasian Gannet
29%
Australasian Grebe
29%
vagrant Australian Painted-Snipe
29%
vagrant Australian Pelican
29%
Australian Shelduck
29%
vagrant Australian Wood Duck
29%
vagrant Barn Owl
29%
vagrant Black Noddy
29%
vagrant Brown Booby
29%
Brown Skua
29%
introduced California Quail
29%
introduced Canada Goose
29%
Cape Barren Goose
29%
Cattle Egret
29%
vagrant Channel-billed Cuckoo
29%
endemic Chatham Robin
29%
vagrant Common Noddy
29%
introduced Common Redpoll
29%
?vagrant Crested Pigeon
29%
introduced Eastern Rosella
29%
Great Crested Grebe
29%
vagrant Hardhead
29%
introduced Helmeted Guineafowl
29%
vagrant Hoary-headed Grebe
29%
introduced Laughing Kookaburra
29%
introduced Little Owl
29%
Little Penguin
29%
endemic Little Spotted Kiwi
29%
vagrant Long-tailed Jaeger
29%
vagrant Macaroni Penguin
29%
vagrant Masked Booby
29%
Masked Lapwing
29%
introduced Mute Swan
29%
endemic New Zealand Bellbird
29%
endemic New Zealand Falcon
29%
endemic New Zealand Fantail
29%
endemic New Zealand Kaka
29%
Northern Giant-Petrel
29%
vagrant Northern Pintail
29%
Pacific Black Duck
29%
endemic Paradise Shelduck
29%
vagrant Pink-eared Duck
29%
vagrant Plumed Whistling-Duck
29%
vagrant Red-footed Booby
29%
vagrant Red-tailed Tropicbird
29%
introduced Ring-necked Pheasant
29%
introduced Rock Dove
29%
Royal Spoonbill
29%
Silver Gull
29%
introduced Song Thrush
29%
vagrant Sooty Tern
29%
Southern Rockhopper Penguin
29%
endemic South Island Saddleback
29%
endemic South Island Takahe
29%
introduced Spotted Dove
29%
vagrant Straw-necked Ibis
29%
introduced Sulphur-crested Cockatoo
29%
vagrant Wedge-tailed Eagle
29%
Welcome Swallow
29%
vagrant White Tern
29%
vagrant Yellow-nosed Albatross
29%
vagrant Adelie Penguin
14%
introduced African Collared-Dove
14%
vagrant American Golden-Plover
14%
Antarctic Tern
14%
vagrant Asian Dowitcher
14%
Australasian Bittern
14%
Australasian Pipit
14%
Australasian Shoveler
14%
Australasian Swamphen
14%
vagrant Australian Little Bittern
14%
vagrant Australian Reed-Warbler
14%
vagrant Australian White Ibis
14%
Baillon's Crake
14%
annual migrant Bar-tailed Godwit
14%
endemic Black-billed Gull
14%
vagrant Black-faced Cuckoo-shrike
14%
Black-fronted Dotterel
14%
vagrant Black Kite
14%
endemic Black Stilt
14%
annual migrant Black-tailed Godwit
14%
vagrant Black-tailed Nativehen
14%
endemic Blue Duck
14%
vagrant Bridled Tern
14%
vagrant Broad-billed Sandpiper
14%
introduced Brown Quail
14%
Buff-banded Rail
14%
vagrant Buff-breasted Sandpiper
14%
vagrant Cape Gannet
14%
Caspian Tern
14%
vagrant Chestnut Teal
14%
vagrant Chinstrap Penguin
14%
introduced Chukar
14%
Common Diving-Petrel
14%
vagrant Common Greenshank
14%
vagrant Common Tern
14%
vagrant Crested Tern
14%
breeding endemic Double-banded Plover
14%
vagrant Dusky Woodswallow
14%
annual migrant Eastern Curlew
14%
Eastern Reef Egret
14%
endemic Erect-crested Penguin
14%
Eurasian Coot
14%
introduced Eurasian Skylark
14%
vagrant Fairy Martin
14%
endemic Fiordland Penguin
14%
Flesh-footed Shearwater
14%
breeding endemic Fluttering Shearwater
14%
vagrant Franklin's Gull
14%
vagrant Gentoo Penguin
14%
Glossy Ibis
14%
Great Cormorant
14%
Great Egret
14%
vagrant Greater Sand-Plover
14%
vagrant Great Frigatebird
14%
Grey-headed Albatross
14%
introduced Greylag Goose
14%
vagrant Grey Plover
14%
annual migrant Grey-tailed Tattler
14%
Grey Teal
14%
Grey Ternlet
14%
Gull-billed Tern
14%
vagrant Hudsonian Godwit
14%
vagrant Intermediate Egret
14%
Kelp Gull
14%
vagrant Lesser Frigatebird
14%
vagrant Lesser Sand-Plover
14%
vagrant Lesser Yellowlegs
14%
Little Black Cormorant
14%
vagrant Little Curlew
14%
Little Egret
14%
Little Pied Cormorant
14%
Little Tern
14%
vagrant Masked Woodswallow
14%
vagrant Moseley's Rockhopper Penguin
14%
vagrant Nankeen Kestrel
14%
vagrant Nankeen Night-Heron
14%
endemic New Zealand Scaup
14%
vagrant Northern Shoveler
14%
endemic North Island Brown Kiwi
14%
endemic North Island Kokako
14%
vagrant Oriental Cuckoo
14%
vagrant Oriental Plover
14%
vagrant Oriental Pratincole
14%
annual migrant Pacific Golden-Plover
14%
vagrant Pacific Swift
14%
vagrant Pallid Cuckoo
14%
annual migrant Pectoral Sandpiper
14%
Pied Cormorant
14%
Pied Stilt
14%
vagrant Red-kneed Dotterel
14%
vagrant Ringed Plover
14%
introduced Rook
14%
breeding endemic Royal Albatross
14%
vagrant Royal Penguin
14%
annual migrant Ruddy Turnstone
14%
vagrant Ruff
14%
Sacred Kingfisher
14%
vagrant Sanderling
14%
vagrant Satin Flycatcher
14%
vagrant Semipalmated Plover
14%
annual migrant Sharp-tailed Sandpiper
14%
Shining Bronze-Cuckoo
14%
Short-tailed Shearwater
14%
Shy Albatross
14%
endemic Snares Penguin
14%
endemic Southern Brown Kiwi
14%
Southern Giant-Petrel
14%
breeding endemic South Island Pied Oystercatcher
14%
Spotless Crake
14%
Swamp Harrier
14%
vagrant Swan Goose
14%
annual migrant Terek Sandpiper
14%
endemic Tomtit
14%
vagrant Tree Martin
14%
endemic Variable Oystercatcher
14%
Wandering Albatross
14%
annual migrant Wandering Tattler
14%
Wedge-tailed Shearwater
14%
annual migrant Whimbrel
14%
vagrant Whiskered Tern
14%
vagrant White-browed Woodswallow
14%
White-faced Heron
14%
White-faced Storm-Petrel
14%
vagrant White-necked Heron
14%
vagrant White-throated Needletail
14%
White-winged Black Tern
14%
vagrant White-winged Triller
14%
vagrant Wilson's Phalarope
14%
endemic Wrybill
14%
vagrant Yellow-billed Spoonbill
14%
endemic Yellow-eyed Penguin
14%
introduced Yellowhammer
14%
vagrant Antarctic Petrel
0%
Antarctic Prion
0%
endemic Antipodes Parakeet
0%
vagrant Arctic Tern
0%
endemic Auckland Islands Shag
0%
endemic Auckland Islands Teal
0%
vagrant Baird's Sandpiper
0%
Black-bellied Storm-Petrel
0%
Black-browed Albatross
0%
endemic Black-fronted Tern
0%
vagrant Black-naped Tern
0%
breeding endemic Black Petrel
0%
vagrant Black Tern
0%
Black-winged Petrel
0%
vagrant Blue Petrel
0%
endemic Brown Teal
0%
breeding endemic Buller's Albatross
0%
breeding endemic Buller's Shearwater
0%
endemic Campbell Islands Teal
0%
Cape Petrel
0%
breeding endemic Chatham Albatross
0%
endemic Chatham Island Pigeon
0%
endemic Chatham Islands Parakeet
0%
endemic Chatham Islands Shag
0%
endemic Chatham Oystercatcher
0%
vagrant Christmas Shearwater
0%
introduced Cirl Bunting
0%
introduced Common Chaffinch
0%
vagrant Common Sandpiper
0%
Cook's Petrel
0%
annual migrant Curlew Sandpiper
0%
vagrant Dunlin
0%
introduced Dunnock
0%
introduced European Greenfinch
0%
Fairy Prion
0%
Fairy Tern
0%
Fulmar Prion
0%
vagrant Gould's Petrel
0%
vagrant Great Knot
0%
vagrant Great Shearwater
0%
Grey-backed Storm-Petrel
0%
Grey-faced Petrel
0%
endemic Grey Gerygone
0%
Grey Petrel
0%
breeding endemic Hutton's Shearwater
0%
Kermadec Petrel
0%
vagrant Latham's Snipe
0%
vagrant Laughing Gull
0%
vagrant Laysan Albatross
0%
vagrant Leach's Storm-Petrel
0%
introduced Lesser Redpoll
0%
Light-mantled Sooty Albatross
0%
Little Shearwater
0%
vagrant Little Stint
0%
breeding endemic Long-tailed Cuckoo
0%
vagrant Long-toed Stint
0%
endemic Malherbe's Parakeet
0%
annual migrant Marsh Sandpiper
0%
Mottled Petrel
0%
endemic New Zealand Fernbird
0%
endemic New Zealand Grebe
0%
endemic New Zealand King Shag
0%
endemic New Zealand Pigeon
0%
endemic New Zealand Storm-Petrel
0%
vagrant Northern Fulmar
0%
endemic North Island Robin
0%
endemic North Island Saddleback
0%
endemic Okarito Brown Kiwi
0%
vagrant Pink-footed Shearwater
0%
endemic Pipipi
0%
Pomarine Jaeger
0%
vagrant Providence Petrel
0%
endemic Red-breasted Dotterel
0%
endemic Red-crowned Parakeet
0%
vagrant Red Knot
0%
vagrant Red-necked Phalarope
0%
annual migrant Red-necked Stint
0%
vagrant Red Phalarope
0%
endemic Reischek's Parakeet
0%
endemic Rifleman
0%
breeding endemic Salvin's Albatross
0%
endemic Shore Plover
0%
vagrant Slender-billed Prion
0%
endemic Snares Island Snipe
0%
Soft-plumaged Petrel
0%
vagrant Sooty Albatross
0%
Sooty Shearwater
0%
Southern Fulmar
0%
endemic South Island Robin
0%
endemic South Island Wren
0%
South Polar Skua
0%
endemic Spotted Shag
0%
endemic Stewart Island Shag
0%
vagrant Stilt Sandpiper
0%
endemic Stitchbird
0%
endemic Subantarctic Snipe
0%
vagrant Tahiti Petrel
0%
vagrant Western Sandpiper
0%
Westland Petrel
0%
vagrant White-bellied Storm-Petrel
0%
White-chinned Petrel
0%
breeding endemic White-fronted Tern
0%
endemic Whitehead
0%
White-headed Petrel
0%
White-necked Petrel
0%
Wilson's Storm-Petrel
0%
endemic Yellow-crowned Parakeet
0%
endemic Yellowhead
0%
No matching quizzes found
Score Distribution
Percent of People with Each Score
Percentile by Number Answered
Your Score History
You have not taken this quiz